Loading...
History - European History | 0 | 5 | 0 | 1 | 50 | 52 | 102.80 | 0 | 2 |
Literature - British Literature | 0 | 3 | 0 | 0 | 30 | 66 | 105.33 | 0 | 1 |
History - American History | 0 | 3 | 0 | 0 | 30 | 65 | 90.67 | 1 | 1 |
History - World History | 0 | 3 | 1 | 1 | 25 | 62 | 89.67 | 0 | 0 |
Religion | 0 | 3 | 1 | 1 | 25 | 114 | 116.00 | 0 | 0 |
Social Science | 0 | 2 | 0 | 0 | 20 | 32 | 54.00 | 0 | 2 |
Literature - European Literature | 0 | 2 | 0 | 0 | 20 | 120 | 127.00 | 0 | 0 |
Philosophy | 0 | 2 | 0 | 0 | 20 | 68 | 90.00 | 0 | 0 |
Fine Arts - Other Fine Arts | 0 | 3 | 2 | 0 | 20 | 67 | 80.00 | 1 | 3 |
Literature - American Literature | 0 | 2 | 1 | 0 | 15 | 63 | 64.00 | 0 | 0 |
History - Other History | 0 | 2 | 1 | 0 | 15 | 69 | 76.00 | 0 | 2 |
Geography/Current Events | 0 | 2 | 1 | 1 | 15 | 30 | 70.50 | 1 | 1 |
Science - Other Science | 0 | 1 | 0 | 0 | 10 | 38 | 38.00 | 1 | 1 |
Mythology | 0 | 1 | 0 | 0 | 10 | 71 | 71.00 | 0 | 1 |
Literature - World/Other Literature | 0 | 1 | 1 | 0 | 5 | 79 | 79.00 | 1 | 1 |
Science - Biology | 0 | 0 | 1 | 0 | -5 | 0.00 | 0 | 0 | |
Pop Culture | 0 | 0 | 1 | 0 | -5 | 0.00 | 0 | 0 | |
Science - Physics | 0 | 0 | 1 | 0 | -5 | 0.00 | 0 | 0 | |
Fine Arts - Visual Fine Arts | 0 | 0 | 2 | 0 | -10 | 0.00 | 0 | 0 |